000 00441nam a2200169Ia 4500
001 11389
005 20260306162824.0
008 260306t9999||||xx |||||||||||||| ||spa||
041 _aESP
082 _a985.04
_bL88
100 _aLópez Soria, José Ignacio
_eAUT
245 0 _aDescomposición de la dominación hispánica en el Perú
300 _a185 páginas :
_c21 cm.
650 _aGEN
654 _aCHU
942 _cLIB
_dJUS
_fJUS
_2ddc
_n
999 _c11389
_d11389